Statystyki dla Kraje najbliżej Gwinei Bissau - Jednominutowy sprint

Kliknij tutaj aby rozwiązać quiz!

Ogólne statystyki

  • Ten quiz został rozwiązany 22 razy
  • Średni wynik to 14 z 20

Statystyki odpowiedzi

kmkraj% Poprawnych
1511Niger
95%
1479Togo
95%
1586Benin
90%
0Gwinea
85%
1832Nigeria
85%
0Senegal
85%
249Sierra Leone
85%
637Côte d'Ivoire
80%
1188Ghana
80%
519Liberia
80%
208Mali
80%
1668Maroko
80%
61Gambia
75%
280Mauretania
75%
900Burkina Faso
65%
1657Algieria
60%
758Cabo Verde
30%
1674Hiszpania
20%
2225Portugalia
5%
921Sahara Zachodnia
5%

Rozkład punktacji

Percentyl według liczby udzielonych odpowiedzi

Procent ludzi z każdym wynikiem

Twoja historia wyników

Nie rozwiązałeś tego quizu